| 000 | 00915nam a2200253 a 4500 | ||
|---|---|---|---|
| 003 | DO-SdBNP | ||
| 005 | 20220429083847.0 | ||
| 007 | ta | ||
| 008 | 220428e2021 dr ||||gr|||| 001 0dspa d | ||
| 020 | _a9789945628760 | ||
| 040 |
_aDO-SdBNP _bspa _cBNPHU |
||
| 082 | 4 |
_222 _bG643d |
|
| 100 | 1 |
_979747 _aGonzález Báez, Keila |
|
| 245 | 1 | 0 |
_a10 preguntas que responden los autores exitosos: _bantes, durante y después de escribir su libro. / _cKeila González Báez. |
| 246 | 1 | 0 |
_aDiez preguntas que responden los autores exitosos: _bantes, durante y después de escribir su libro. |
| 260 |
_a[Santo Domingo] : _bBien-etre, _c2021 |
||
| 300 |
_a64 p. ; _c20 cm. |
||
| 500 | _aIncluye datos biográficos de la autora, p. 64 | ||
| 590 | _aInventariado 2022 / MF | ||
| 650 | 4 |
_912968 _aPreguntas y Respuestas |
|
| 650 | 4 |
_912162 _aArte de Escribir _xRepública Dominicana |
|
| 910 | _aMFeliz | ||
| 942 |
_2ddc _cLBS1 |
||
| 999 |
_c51617 _d51617 |
||